ბათუმის შოთა რუსთაველის სახელმწიფო უნივერსიტეტის ბიბლიოთეკა

ჩანაწერი Corporate Name

ჩანაწერთა რაოდენობა, რომელიც გამოყენებულია: 1

001 - CONTROL NUMBER

  • control field: 27197

003 - CONTROL NUMBER IDENTIFIER

  • control field: GE_BSU

005 - DATE AND TIME OF LATEST TRANSACTION

  • control field: 20260325102222.0

008 - FIXED-LENGTH DATA ELEMENTS

  • fixed length control field: 260325|| aca||aabn | a|a d

040 ## - CATALOGING SOURCE

  • Original cataloging agency: GE_BSU
  • Transcribing agency: GE_BSU

110 ## - HEADING--CORPORATE NAME

  • Corporate name or jurisdiction name as entry element: საქართველოს საპატრიარქოს ხიჭაურის წმ. გრიგოლ ხანძთელის სახ. სკოლა, გეოგრაფიის კლუბი "სამშობლო".

670 ## - SOURCE DATA FOUND

  • Source citation: Work cat.: (GE_BSU): უახევის მუნიციპალიტეტის სოფლების სახელწოდებათა გეოგრაფიული მნიშვნელობები /